Classement ballon d’or-2024 - Statistiques

Statistiques générales
  • Ce quiz a été pris 66 fois
  • Le résultat moyen est 15 sur 29
Statistiques - réponses
Classement Joueur % Correct
2 Vinicius Jr
100%
1 Rodri
98%
5 Erling Haaland
95%
6 Kylian Mbappe
95%
3 Jude Bellingham
89%
4 Dani Carvajal
84%
8 Lamine Yamal
75%
10 Harry Kane
69%
9 Toni Kroos
67%
7 Lautaro Martinez
65%
11 Phil Foden
65%
18 Emiliano Martinez
62%
23 Ruben Dias
53%
12 Florian Wirtz
45%
15 Nico Williams
45%
22 Antonio Rudiger
44%
27 Vitinha
36%
24 William Saliba
36%
21 Bukayo Saka
35%
25 Cole Palmer
35%
13 Dani Olmo
35%
29 Mats Hummels
35%
14 Ademola Lookman
33%
16 Granit Xhaka
33%
19 Martin Odegaard
33%
28 Alejandro Grimaldo
29%
17 Federico Valverde
27%
26 Declan Rice
22%
20 Hakan Çahlanoglu
4%
Aucun quiz correspondant
Distribution des résultats
% des personnes avec chaque résultat
Percentile par nombre de réponses
Votre historique - résultats
Vous n’avez pas pris ce quiz